Geografické informačné systémy - možnosti ich využitia
Charakteristika geografického informačného systému (GIS). Procesy GIS. Oblasti využitia GIS. Možnosti GIS v podnikovom prostredí. Softvérové riešenia. Rozhodovanie o zavedení GIS v podniku.
Saved in:
| Main Author: | |
|---|---|
| Format: | Book Chapter |
| Language: | Slovak |
| Subjects: | |
| Tags: |
No Tags, Be the first to tag this record!
|
MARC
| LEADER | 00000nla a2200000 4500 | ||
|---|---|---|---|
| 001 | 0180811 | ||
| 005 | 20240502073106.7 | ||
| 041 | 0 | |a slo | |
| 044 | |a SK | ||
| 245 | 1 | 0 | |a Geografické informačné systémy - možnosti ich využitia |c Anikó Töröková |
| 520 | |a Charakteristika geografického informačného systému (GIS). Procesy GIS. Oblasti využitia GIS. Možnosti GIS v podnikovom prostredí. Softvérové riešenia. Rozhodovanie o zavedení GIS v podniku. | ||
| 610 | 2 | 0 | |a systémy informačné geografické |
| 610 | 2 | 0 | |a riadenie podnikové |
| 610 | 2 | 0 | |a marketing územia |
| 610 | 2 | 0 | |a plánovanie |
| 610 | 2 | 0 | |a doprava |
| 100 | 1 | |a Töröková, Anikó, 1963- | |